Game Changer Contestants by Number of Appearances - Statistics

General Stats
  • This quiz has been taken 34 times
    33 since last reset
  • The average score is 18 of 54
Answer Stats
# of Appearances Answer % Correct
15 Brennan Lee Mulligan
100%
6 Zac Oyama
88%
14 Grant O'Brien
76%
4 Jacob Wysocki
76%
5 Josh Ruben
76%
11 Ally Beardsley
71%
6 Lou Wilson
65%
3 Vic Michaelis
65%
5 Ify Nwadiwe
53%
10 Jess Ross
53%
11 Katie Marovitch
53%
13 Lily Du
53%
10 Mike Trapp
53%
5 Erika Ishii
47%
5 Isabella Roland
47%
12 Rekha Shankar
47%
7 Tao Yang
47%
1 Angela Giarratana
41%
4 Becca Scott
41%
2 Oscar Montoya
41%
3 Zach Reino
41%
5 Carolyn Page
35%
1 Jess McKenna
35%
2 Anna Garcia
29%
2 Ele Woods
29%
1 Lisa Gilroy
29%
9 Raphael Chestang
29%
1 Jordan Myrick
24%
1 Persephone Valentine
24%
1 Rashawn Scott
24%
2 Ross Bryant
24%
2 Ryan Creamer
24%
2 Siobhan Thompson
24%
1 Adam Conover
18%
1 Gianmarco Soresi
18%
1 Jeremy Culhane
18%
2 Jess Clemons
18%
1 Jiavani
18%
1 Alfred Aquino
12%
1 Blaine Swen
12%
2 Christine Medrano
12%
1 Demi Adejuyigbe
12%
1 Jeff Acuri
12%
1 Josh Johnson
12%
1 Luke Field
12%
1 Zeke Nicholson
12%
1 Caldwell Tanner
6%
1 Joey Bland
6%
1 Kiana Mai
6%
1 Michael Winslow
6%
1 Nathan Yaffe
6%
1 Alexis Rhiannon
0%
1 Emily Louise
0%
1 Haley Hekert
0%
No matching quizzes found
Score Distribution
Percent of People with Each Score
Percentile by Number Answered
Your Score History
You have not taken this quiz since the last reset